LUDO (Record no. 120776)

MARC details
000 -LEADER
fixed length control field 00797cai a22001815a 4500
001 - CONTROL NUMBER
control field E146980
008 - FIXED-LENGTH DATA ELEMENTS--GENERAL INFORMATION
fixed length control field 090319u xxk g 000 0 eng d
035 ## - SYSTEM CONTROL NUMBER
System control number (Sirsi) u146980
041 0# - LANGUAGE CODE
Language code of text/sound track or separate title eng
110 2# - MAIN ENTRY--CORPORATE NAME
Corporate name or jurisdiction name as entry element Architecture and Design Scotland
9 (RLIN) 5714
245 00 - TITLE STATEMENT
Title LUDO
Remainder of title library of urban design online
Medium [electronic resource]
520 ## - SUMMARY, ETC.
Summary, etc. Section of Architecture and Design Scotland's website which provides a searchable database of links to publications with relevance to architecture and design. The database can be browsed by scale of development and then by global or local theme.
590 ## - LOCAL NOTE (RLIN)
Local note KA
651 #4 - SUBJECT ADDED ENTRY--GEOGRAPHIC NAME
Geographic name Scotland
Chronological subdivision 1999-
690 ## - LOCAL SUBJECT ADDED ENTRY--TOPICAL TERM (OCLC, RLIN)
Topical term or geographic name as entry element BUILT ENVIRONMENT-CONSTRUCTION DESIGN
856 40 - ELECTRONIC LOCATION AND ACCESS
Uniform Resource Identifier <a href="https://www.ads.org.uk/ludo">https://www.ads.org.uk/ludo</a>
Public note View the website free of charge at www.ads.org.uk/ludo...
942 ## - ADDED ENTRY ELEMENTS (KOHA)
Suppress in OPAC 0
Holdings
Withdrawn status Lost status Source of classification or shelving scheme Damaged status Not for loan Home library Current library Shelving location Date acquired Total Checkouts Full call number Barcode Date last seen Copy number Price effective from Koha item type
    Dewey Decimal Classification     Virtual Virtual Online 19/03/2009   ONLINE PUBLICATION 146980-2001 06/08/2019 1 06/08/2019 Online material